Score 0/31 Timer 05:00
0 Plays Today
Hint Missing Word % Correct
I _____ Lucy DayLove
96.5%
Trick or _____ for UNICEF DayTreat
96%
_____ Hatter DayMad
95.5%
Country Inn, Bed and _____ DayBreakfast
93.7%
Howl at the _____ NightMoon
92.4%
_____ a Difference DayMake
91.8%
40-Hour Work _____ DayWeek
90.2%
National Bring Your _____ Bear to Work & School DayTeddy
89.8%
Back to the _____ DayFuture
89.5%
_____ Something Gaudy DayWear
86.2%
World Octopus _____Day
84.6%
National Coming _____ DayOut
82.7%
National Ship in a _____ DayBottle
82.5%
_____ Erikson DayLeif
78.9%
TV Talk Show _____ DayHost
78.7%
Cranky Co-_____ DayWorkers
75.7%
Hint Missing Word % Correct
National Feral _____ DayCat
75.2%
National Yorkshire _____ DayPudding
73.4%
Guardian _____ DayAngels
73%
National _____-Covered Insects DayChocolate
72.4%
World Cerebral _____ DayPalsy
70%
Hard-Boiled Guy/_____ DayGirl
68.4%
Indigenous _____' DayPeoples'
68.3%
_____, the Notorious Killer Doll DayChucky
67.1%
Conflict _____ DayResolution
65.1%
Pit _____ Awareness DayBull
62.9%
National _____ Corn DayCandy
55.7%
Evaluate Your _____ DayLife
55.5%
Plush _____ Lovers DayAnimal
52.7%
CD _____ DayPlayer
33.1%
_____ and Hummingbird DayButterfly
17.2%

Today's Daily Dose

Missing Word
3 Word TV Shows

Word Ladder
Olsen Twins

Quick Pick
TLC Shows

You're not logged in!

Compare scores with friends on all Sporcle quizzes.
OR
Log In

Sporcle TV

Today on Sporcle TV


Watch our educational content, quiz creation guides, and fun videos on Sporcle TV.

Show Comments

Extras

Top Quizzes Today


Score Distribution

Paid Content

Your Account Isn't Verified!

In order to create a playlist on Sporcle, you need to verify the email address you used during registration. Go to your Sporcle Settings to finish the process.

Report this User

Report this user for behavior that violates our Community Guidelines.

Details: